The noble scholar, jurist, historian


 His Excellency Dr. Abdul Wahhab bin Ibrahim Abu Sulaiman, may Allah have mercy on him.


 He was born in Umm Al-Qura in the year 1356 AH.

الفنون الإسلامية : (Record no. 14011)

MARC details
000 -LEADER
fixed length control field 01264cam a22002531i 4500
003 - CONTROL NUMBER IDENTIFIER
control field SA-RiAUC
005 - DATE AND TIME OF LATEST TRANSACTION
control field 20260113114224.0
008 - FIXED-LENGTH DATA ELEMENTS--GENERAL INFORMATION
fixed length control field 260112s1989 sy a g 10000 ara c
040 ## - CATALOGING SOURCE
Original cataloging agency SA-JeALM
Language of cataloging ara
Transcribing agency SA-RiAUC
Description conventions rda
082 04 - DEWEY DECIMAL CLASSIFICATION NUMBER
Classification number 704.9481
Assigning agency SA-RiAUC
090 ## - LOCALLY ASSIGNED LC-TYPE CALL NUMBER (OCLC); LOCAL CALL NUMBER (RLIN)
Classification number (OCLC) (R) ; Classification number, CALL (RLIN) (NR) 704.9481
Local cutter number (OCLC) ; Book number/undivided call number, CALL (RLIN) ن د و
111 2# - MAIN ENTRY--MEETING NAME
Meeting name or jurisdiction name as entry element ندوة الفنون الإسلامية : المبادئ والأشكال والمضامين المشتركة
Location of meeting إسطنبول، تركيا).
Date of meeting or treaty signing (1983 :
245 12 - TITLE STATEMENT
Title الفنون الإسلامية :
Remainder of title المبادئ والأشكال والمضامين المشتركة : أعمال الندوة العالمية المنعقدة في إستانبول إبريل-نيسان 1983 /
Statement of responsibility, etc. إعداد أحمد محمد عيسى، تحسين عمر طه أوغلي.
250 ## - EDITION STATEMENT
Edition statement الطبعة الأولى.
264 #1 - PRODUCTION, PUBLICATION, DISTRIBUTION, MANUFACTURE, AND COPYRIGHT NOTICE
Place of production, publication, distribution, manufacture دمشق :
Name of producer, publisher, distributor, manufacturer دار الفكر،
Date of production, publication, distribution, manufacture, or copyright notice 1989
300 ## - PHYSICAL DESCRIPTION
Extent 165،289 صفحة :
Other physical details إيضاحيات ؛
Dimensions 28 سم.
336 ## - CONTENT TYPE
Content type term نص
Content type code txt
Source rdacontent
Materials specified كتاب
337 ## - MEDIA TYPE
Media type term بدون وسيط
Media type code n
Source rdamedia
650 #7 - SUBJECT ADDED ENTRY--TOPICAL TERM
Topical term or geographic name entry element الفن الإسلامي
Form subdivision مؤتمرات
Source of heading or term aucsh
700 1# - ADDED ENTRY--PERSONAL NAME
Personal name عيسى، أحمد محمد
Relator term معد.
700 1# - ADDED ENTRY--PERSONAL NAME
Personal name طه أوغلي، تحسين عمر
Relator term معد.
942 ## - ADDED ENTRY ELEMENTS (KOHA)
Source of classification or shelving scheme Dewey Decimal Classification
Koha item type Books
Suppress in OPAC No
949 ## - LOCAL PROCESSING INFORMATION (OCLC)
a SA-JeALM
d 260112
u osman123
n 1
Holdings
Withdrawn status Lost status Source of classification or shelving scheme Damaged status Not for loan Home library Current library Date acquired Total checkouts Full call number Barcode Date last seen Price effective from Koha item type
    Dewey Decimal Classification     DR AbdElwahab Library DR AbdElwahab Library 01/13/2026   704.9481 ن د و 000022422 01/13/2026 01/13/2026 Books